000
00279nam a2200121Ia 4500
008
190216s9999||||xx |||||||||||||| ||und||
100
_a
Prabhulla Kumar Varma
245
0
_a
Hindi-Vah Thin Log
260
_b
Saindava Books Kollam
300
_a
96
650
_a
Hindi
942
_c
BK
999
_c
16345
_d
16345